ბათუმის შოთა რუსთაველის სახელმწიფო უნივერსიტეტის ბიბლიოთეკა

Grokking algorithms : (ბიბ.ჩანაწერი № 58181)

000 -LEADER
fixed length control field 00932cam a22002297i 4500
001 - CONTROL NUMBER
control field 19166904
005 - DATE AND TIME OF LATEST TRANSACTION
control field 20240123120320.0
008 - FIXED-LENGTH DATA ELEMENTS--GENERAL INFORMATION
fixed length control field 160707s2016 enga f 001 0 eng
020 ## - INTERNATIONAL STANDARD BOOK NUMBER
International Standard Book Number 9781617292231 X
041 ## - LANGUAGE CODE
Language code of text/sound track or separate title eng
080 ## - UNIVERSAL DECIMAL CLASSIFICATION NUMBER
Universal Decimal Classification number 004.724.2 B-10
100 1# - MAIN ENTRY--PERSONAL NAME
Personal name Bhargava, Aditya Y.,
9 (RLIN) 12347
245 10 - TITLE STATEMENT
Title Grokking algorithms :
Remainder of title an illustrated guide for programmers and other curious people /
Statement of responsibility, etc. Aditya Y. Bhargava.
264 #1 - PRODUCTION, PUBLICATION, DISTRIBUTION, MANUFACTURE, AND COPYRIGHT NOTICE
Place of production, publication, distribution, manufacture Shelter Island :
Name of producer, publisher, distributor, manufacturer Manning,
Date of production, publication, distribution, manufacture, or copyright notice [2016].
300 ## - PHYSICAL DESCRIPTION
Extent xviii, 238 pages :
Other physical details illustrations ;
Dimensions 24 cm
653 ## - INDEX TERM--UNCONTROLLED
keyword Grokking Algorithms An illustrated guide for programmers and other curious people
653 ## - INDEX TERM--UNCONTROLLED
keyword საინფორმაციო ტექნოლოგიები
653 ## - INDEX TERM--UNCONTROLLED
keyword Информационные технологии
653 ## - INDEX TERM--UNCONTROLLED
keyword ალგორითმები
653 ## - INDEX TERM--UNCONTROLLED
keyword კომპიუტერული პროგრამები
942 ## - ADDED ENTRY ELEMENTS (KOHA)
Source of classification or shelving scheme
Koha item type წიგნი
ეგზემპლარები
Withdrawn status Lost status Source of classification or shelving scheme Damaged status Not for loan Permanent Location Current Location Shelving location Date acquired Cost, normal purchase price Full call number Barcode Date last seen Copy number Price effective from Koha item type Public note
          ბათუმის შოთა რუსთაველის სახელმწიფო უნივერსიტეტის მთავარი ბიბლიოთეკა ბათუმის შოთა რუსთაველის სახელმწიფო უნივერსიტეტის მთავარი ბიბლიოთეკა წიგნსაცავი 2021-07-31 102.00 004.724.2 B-10 55239 2021-07-31 55239 2021-07-31 წიგნი 102.00 GEL.
          ბათუმის შოთა რუსთაველის სახელმწიფო უნივერსიტეტის მთავარი ბიბლიოთეკა ბათუმის შოთა რუსთაველის სახელმწიფო უნივერსიტეტის მთავარი ბიბლიოთეკა წიგნსაცავი 2021-07-31 102.00 004.724.2 B-10 55240 2021-07-31 55240 2021-07-31 წიგნი 102.00 GEL.
          ბათუმის შოთა რუსთაველის სახელმწიფო უნივერსიტეტის მთავარი ბიბლიოთეკა ბათუმის შოთა რუსთაველის სახელმწიფო უნივერსიტეტის მთავარი ბიბლიოთეკა წიგნსაცავი 2024-01-23 161.00 004.724.2 B-10 67155 2024-01-23 67155 2024-01-23 წიგნი 161ლ.